000 00695nam a22001937a 4500
005 20251108164013.0
008 250721s1985 xx 000 0 ara d
082 1 4 _a210.433/محم
100 1 _aالخالدي، محمود
245 1 0 _aسوسيولوجيا الإقتصاد الإسلامي /
264 1 _aعمان :
_bمكتبة الرسالة الحديثة،
_c1985.
300 _a111ص.
490 0 _aسلسلة دراسات من أجل فهم صحيح للإسلام؛4
500 _aهذا البحث قدم إلى مؤتمر الفقر و الجريمة تونس.
650 1 7 _aالإسلام
650 1 7 _aالإقتصاد الإسلامي
942 _2ddc
_cBK
999 _c1188
_d1188